[Event "13. Open Club Ajedrez Villaverde"]
[Site "Madrid ESP"]
[Date "2010.07.01"]
[Round "4.26"]
[White "Chinarro Casado, Jose Miguel"]
[Black "Tevar Becerra, Alvaro"]
[Result "0-1"]
[WhiteElo "1783"]
[BlackElo "1419"]
[PlyCount "74"]
[EventDate "2010.06.28"]
[EventType "swiss"]
[EventRounds "9"]
[EventCountry "ESP"]
[Source "lmi"]
[SourceDate "2010.06.28"]

1. Nf3 Nc6 2. g3 e5 3. d3 Be7 4. Bg2 Nf6 5. Bg5 d5 6. O-O O-O 7. Nbd2 b6 8. c4
Bb7 9. a3 a5 10. Rc1 h6 11. Bxf6 Bxf6 12. cxd5 Qxd5 13. Qc2 Nd4 14. e4 Nxc2 15.
exd5 Nd4 16. Nxd4 exd4 17. Rxc7 Ba6 18. Nc4 Bxc4 19. dxc4 Rac8 20. Rxc8 Rxc8
21. b3 a4 22. Rb1 Be7 23. Bf1 Ra8 24. b4 Kh7 25. Kg2 Kg6 26. f4 f5 27. Re1 Kf7
28. Kf3 g5 29. Re6 g4+ 30. Kf2 Bxb4 31. axb4 a3 32. Re2 a2 33. Re1 a1=Q 34.
Rxa1 Rxa1 35. h3 gxh3 36. b5 Ra2+ 37. Be2 d3 0-1

[Event "13. Open Club Ajedrez Villaverde"]
[Site "Madrid ESP"]
[Date "2010.07.01"]
[Round "4.27"]
[White "Sanchez Tapia, Luis G"]
[Black "Hernandez Del Can, Jose"]
[Result "1-0"]
[WhiteElo "1609"]
[BlackElo "1777"]
[PlyCount "129"]
[EventDate "2010.06.28"]
[EventType "swiss"]
[EventRounds "9"]
[EventCountry "ESP"]
[Source "lmi"]
[SourceDate "2010.06.28"]

1. e4 c5 2. Nf3 Nc6 3. d4 cxd4 4. Nxd4 e5 5. Nxc6 bxc6 6. Bc4 Nf6 7. Nc3 Be7 8.
O-O O-O 9. a3 Bb7 10. Qe2 Qc7 11. f4 d6 12. Kh1 Rac8 13. fxe5 dxe5 14. Be3 a6
15. Bxa6 c5 16. Bxb7 Qxb7 17. Bc1 Rfd8 18. b3 Rd7 19. Bg5 Nd5 20. Bd2 Nxc3 21.
Bxc3 f6 22. Rf3 c4 23. b4 Rcd8 24. h3 Kh8 25. Qxc4 Rc7 26. Qe2 Rdc8 27. Qe1 Rc4
28. Re3 Qc6 29. Bd2 Rxc2 30. Rd3 h6 31. a4 Rc4 32. b5 Qa8 33. Rc3 Rxc3 34. Bxc3
Rc4 35. Ba5 Rxe4 36. Qc3 Re2 37. Qf3 Qxf3 38. gxf3 Rb2 39. Rc1 Kh7 40. Bc7 Rb4
41. Ra1 Bc5 42. Kg2 Rb2+ 43. Kf1 Bd4 44. Rc1 Rf2+ 45. Ke1 Rb2 46. Rc6 Rb4 47.
Ra6 Rb1+ 48. Ke2 Rb2+ 49. Kd3 Rb3+ 50. Ke4 Kg6 51. Bb6 Re3+ 52. Kd5 Rd3 53.
Bxd4 Rxd4+ 54. Kc5 Rd3 55. b6 Rxf3 56. b7 Rc3+ 57. Kd6 Rb3 58. Kc7 Rxb7+ 59.
Kxb7 e4 60. Re6 Kf5 61. Re8 Kf4 62. a5 Kf3 63. a6 f5 64. a7 e3 65. a8=Q 1-0

[Event "13. Open Club Ajedrez Villaverde"]
[Site "Madrid ESP"]
[Date "2010.07.01"]
[Round "4.28"]
[White "Montero Montero, Juan Jose"]
[Black "Al-Zarif, Bassam"]
[Result "1/2-1/2"]
[WhiteElo "1745"]
[BlackElo "1631"]
[PlyCount "69"]
[EventDate "2010.06.28"]
[EventType "swiss"]
[EventRounds "9"]
[EventCountry "ESP"]
[Source "lmi"]
[SourceDate "2010.06.28"]

1. e4 d5 2. exd5 Qxd5 3. Nc3 Qd6 4. d4 c6 5. Nf3 Nf6 6. h3 Bf5 7. Bd3 Bxd3 8.
Qxd3 e6 9. O-O Nbd7 10. Ne4 Qc7 11. Nxf6+ Nxf6 12. c4 Be7 13. Be3 Rd8 14. Qb3
O-O 15. Qc2 c5 16. dxc5 Bxc5 17. Bxc5 Qxc5 18. Rfd1 Qc7 19. b3 h6 20. Qe2 Rfe8
21. Rxd8 Rxd8 22. Rd1 Rxd1+ 23. Qxd1 Qd7 24. Qxd7 Nxd7 25. Kf1 Kf8 26. Ke2 Ke7
27. Ke3 a5 28. a3 Kd6 29. b4 axb4 30. axb4 b6 31. Ke4 f5+ 32. Kd3 e5 33. Nd2 g5
34. g4 f4 35. Ke4 1/2-1/2

[Event "13. Open Club Ajedrez Villaverde"]
[Site "Madrid ESP"]
[Date "2010.07.01"]
[Round "4.29"]
[White "Garcia Hernandez, Javier"]
[Black "Cortijo Manso, Luis"]
[Result "0-1"]
[WhiteElo "1660"]
[BlackElo "1586"]
[PlyCount "40"]
[EventDate "2010.06.28"]
[EventType "swiss"]
[EventRounds "9"]
[EventCountry "ESP"]
[Source "lmi"]
[SourceDate "2010.06.28"]

1. d4 Nf6 2. c4 c5 3. d5 b5 4. cxb5 a6 5. bxa6 g6 6. Nc3 Bxa6 7. g3 d6 8. Bg2
Bg7 9. Nf3 O-O 10. O-O Nbd7 11. Re1 Qa5 12. e4 Ng4 13. Qc2 Nge5 14. Nxe5 Nxe5
15. Rd1 Rfb8 16. Bd2 Bd3 17. Qc1 Nc4 18. Nb1 Nxd2 19. Rxd2 Bxb1 20. Qxb1 Qxd2
0-1

[Event "13. Open Club Ajedrez Villaverde"]
[Site "Madrid ESP"]
[Date "2010.07.01"]
[Round "4.30"]
[White "Takvor Mena, Samuel"]
[Black "Garcia Alonso, David"]
[Result "1-0"]
[WhiteElo "1647"]
[BlackElo "1468"]
[PlyCount "91"]
[EventDate "2010.06.28"]
[EventType "swiss"]
[EventRounds "9"]
[EventCountry "ESP"]
[Source "lmi"]
[SourceDate "2010.06.28"]

1. e4 c5 2. Nc3 Nc6 3. f4 g6 4. Nf3 Bg7 5. Bc4 e6 6. d3 Nge7 7. O-O O-O 8. Qe1
Nd4 9. Bb3 Nec6 10. Ne2 Nxe2+ 11. Qxe2 d5 12. Qf2 Nd4 13. c3 Nxf3+ 14. Qxf3
dxe4 15. dxe4 Qc7 16. e5 Bd7 17. Be3 Bc6 18. Qg3 b6 19. Rad1 Rad8 20. Qg5 Rfe8
21. h4 h6 22. Qg4 Be4 23. Ba4 Rxd1 24. Rxd1 Bf5 25. Qf3 Rd8 26. g4 Rxd1+ 27.
Qxd1 Be4 28. Qd6 Qxd6 29. exd6 Bf6 30. g5 hxg5 31. hxg5 Bd8 32. b4 cxb4 33.
cxb4 a6 34. Be8 b5 35. Bd4 Kf8 36. d7 Bc6 37. Bf6 Bb6+ 38. Kf1 Bb7 39. Ke2 Ba8
40. Kd3 Bb7 41. Bd4 Bd8 42. Bc5+ Be7 43. Kd4 Bxc5+ 44. Kxc5 Ke7 45. Kb6 Bd5 46.
Kc7 1-0

[Event "13. Open Club Ajedrez Villaverde"]
[Site "Madrid ESP"]
[Date "2010.07.01"]
[Round "4.31"]
[White "Ojosnegros Martin, Angel"]
[Black "Martin Rodriguez, Jose L"]
[Result "0-1"]
[WhiteElo "1408"]
[BlackElo "1538"]
[PlyCount "112"]
[EventDate "2010.06.28"]
[EventType "swiss"]
[EventRounds "9"]
[EventCountry "ESP"]
[Source "lmi"]
[SourceDate "2010.06.28"]

1. d4 Nf6 2. e3 e6 3. Nd2 d5 4. Bd3 c5 5. Bb5+ Bd7 6. Bxd7+ Nbxd7 7. c3 Be7 8.
Ngf3 O-O 9. O-O Rc8 10. dxc5 Nxc5 11. Nb3 Nce4 12. h3 Bd6 13. Qd4 b6 14. Nfd2
Qe7 15. Nxe4 Nxe4 16. Qd1 Qh4 17. Nd4 g6 18. Nb5 Bb8 19. Qa4 Rc4 20. Qd1 h5 21.
a4 Kh7 22. a5 Rc5 23. Qd3 Rd8 24. axb6 axb6 25. Ra6 Rc6 26. Na7 Nc5 27. Qd4
Qxd4 28. exd4 Nxa6 29. Nxc6 Rc8 30. Nxb8 Nxb8 31. Bf4 Nc6 32. Ra1 Na5 33. Kf1
Kg7 34. Ke2 Kf6 35. Bd6 Nc4 36. Ba3 Nxa3 37. Rxa3 Rc7 38. Rb3 Rb7 39. Rb5 Ke7
40. Ke3 f6 41. h4 Kd6 42. Kf4 Kc6 43. Rb3 Ra7 44. Ra3 Rxa3 45. bxa3 Kb5 46. f3
Kc4 47. g4 Kxc3 48. gxh5 gxh5 49. Ke3 Kb3 50. Kd3 Kxa3 51. Kc2 Kb4 52. Kd3 e5
53. dxe5 fxe5 54. Kc2 Kc4 55. Kd2 Kd4 56. Ke2 b5 0-1

[Event "13. Open Club Ajedrez Villaverde"]
[Site "Madrid ESP"]
[Date "2010.07.02"]
[Round "5.1"]
[White "Moreno Ruiz, Javier"]
[Black "Longa Yauca, Javier"]
[Result "1-0"]
[WhiteElo "2485"]
[BlackElo "2285"]
[PlyCount "53"]
[EventDate "2010.06.28"]
[EventType "swiss"]
[EventRounds "9"]
[EventCountry "ESP"]
[Source "lmi"]
[SourceDate "2010.06.28"]

1. d4 Nf6 2. c4 e6 3. Nc3 d5 4. cxd5 Nxd5 5. e4 Nxc3 6. bxc3 c5 7. Nf3 cxd4 8.
cxd4 Nc6 9. Bc4 Bb4+ 10. Bd2 Qa5 11. Rb1 Bxd2+ 12. Qxd2 O-O 13. Bb5 Qa3 14. O-O
Na5 15. Rfe1 b6 16. Rb4 a6 17. Re3 Qxb4 18. Qxb4 axb5 19. Qxb5 Ba6 20. Qb4 Nc4
21. Rc3 b5 22. h3 Bb7 23. d5 exd5 24. exd5 Rfd8 25. Qxb5 Nd6 26. Qb3 Rab8 27.
Rc7 1-0

[Event "13. Open Club Ajedrez Villaverde"]
[Site "Madrid ESP"]
[Date "2010.07.02"]
[Round "5.3"]
[White "Aguado Solana, Juan"]
[Black "Ortega Ruiz, Jose M"]
[Result "0-1"]
[WhiteElo "2038"]
[BlackElo "2292"]
[PlyCount "72"]
[EventDate "2010.06.28"]
[EventType "swiss"]
[EventRounds "9"]
[EventCountry "ESP"]
[Source "lmi"]
[SourceDate "2010.06.28"]

1. d4 Nf6 2. e3 g6 3. Bd3 Bg7 4. f4 d6 5. Nf3 c5 6. c3 Nc6 7. O-O O-O 8. e4 e5
9. fxe5 dxe5 10. d5 Ne7 11. Qe2 Ne8 12. Be3 b6 13. Na3 Nd6 14. Nc4 Bg4 15. Qd2
Nxc4 16. Bxc4 Nc8 17. Bh6 Qe7 18. Bg5 Qc7 19. Bh6 Bxf3 20. Rxf3 Nd6 21. Bxg7
Kxg7 22. Rh3 f5 23. Qh6+ Kg8 24. Bd3 fxe4 25. Bc2 c4 26. Qe3 Rf4 27. Rf1 Raf8
28. Rxf4 exf4 29. Qd4 Qc5 30. Qxc5 bxc5 31. b3 cxb3 32. axb3 Kg7 33. Kf2 h5 34.
c4 Kf6 35. g3 f3 36. Rh4 Ke5 0-1

[Event "13. Open Club Ajedrez Villaverde"]
[Site "Madrid ESP"]
[Date "2010.07.02"]
[Round "5.4"]
[White "Beltran De Heredia E., Miguel"]
[Black "Cabañas Bravo, Juan Andres"]
[Result "1/2-1/2"]
[WhiteElo "2078"]
[BlackElo "2057"]
[PlyCount "59"]
[EventDate "2010.06.28"]
[EventType "swiss"]
[EventRounds "9"]
[EventCountry "ESP"]
[Source "lmi"]
[SourceDate "2010.06.28"]

1. e4 e5 2. Nf3 Nc6 3. Bb5 a6 4. Ba4 Nf6 5. O-O Nxe4 6. Re1 Nc5 7. Nxe5 Be7 8.
Bxc6 dxc6 9. Nc3 Ne6 10. b3 O-O 11. Bb2 Nd4 12. Ne2 c5 13. c3 Nb5 14. Ng3 f6
15. Nc4 f5 16. Qe2 Bg5 17. Qe5 b6 18. Nh5 Bh6 19. a4 Na7 20. Nf4 Bxf4 21. Qxf4
Nc6 22. a5 Bb7 23. axb6 cxb6 24. Nd6 Qc7 25. Qc4+ Kh8 26. Nxb7 Qxb7 27. b4 Rfe8
28. bxc5 Ne5 29. Qa4 bxc5 30. Ba3 1/2-1/2

[Event "13. Open Club Ajedrez Villaverde"]
[Site "Madrid ESP"]
[Date "2010.07.02"]
[Round "5.5"]
[White "Cortes Jurado, Rafael"]
[Black "Sanchez Millan, Eduardo"]
[Result "1/2-1/2"]
[WhiteElo "2076"]
[BlackElo "1976"]
[PlyCount "74"]
[EventDate "2010.06.28"]
[EventType "swiss"]
[EventRounds "9"]
[EventCountry "ESP"]
[Source "lmi"]
[SourceDate "2010.06.28"]

1. d4 d5 2. c4 c6 3. Nc3 Nf6 4. Nf3 e6 5. Bg5 Nbd7 6. e3 Bd6 7. Qc2 h6 8. Bh4
O-O 9. Rd1 Qe7 10. Be2 dxc4 11. Bxc4 e5 12. Ne4 Bb4+ 13. Ke2 exd4 14. Rxd4 b5
15. Bb3 c5 16. Rxd7 Bxd7 17. Nxf6+ Qxf6 18. Bxf6 c4 19. Bd4 cxb3 20. Qxb3 a5
21. Qd3 Be6 22. b3 a4 23. Qxb5 Rfb8 24. Qe5 Bf8 25. Nd2 axb3 26. axb3 Re8 27.
Qg3 Ra2 28. Rb1 Rc8 29. Rb2 Ra5 30. f4 Rc1 31. Ne4 Raa1 32. Rd2 Rab1 33. Nc3
Rxb3 34. Kd3 Bf5+ 35. e4 Bc8 36. Rc2 Rd1+ 37. Ke3 Ba6 1/2-1/2

[Event "13. Open Club Ajedrez Villaverde"]
[Site "Madrid ESP"]
[Date "2010.07.02"]
[Round "5.7"]
[White "Cruz Monzon, Jose"]
[Black "Gemy, Jose Daniel"]
[Result "0-1"]
[WhiteElo "1984"]
[BlackElo "2271"]
[PlyCount "104"]
[EventDate "2010.06.28"]
[EventType "swiss"]
[EventRounds "9"]
[EventCountry "ESP"]
[Source "lmi"]
[SourceDate "2010.06.28"]

1. d4 Nf6 2. c4 e6 3. Nc3 c5 4. d5 exd5 5. cxd5 d6 6. e4 g6 7. Nf3 Bg7 8. Be2
O-O 9. Nd2 a6 10. a4 b6 11. O-O h5 12. h3 Nh7 13. f4 f5 14. Nc4 Bd4+ 15. Be3
Bxe3+ 16. Nxe3 fxe4 17. Nxe4 Re8 18. Bd3 Nf6 19. Nxf6+ Qxf6 20. Nc4 Ra7 21. f5
Bxf5 22. Bxf5 gxf5 23. Qxh5 Rf7 24. Rae1 Rxe1 25. Rxe1 Nd7 26. b3 Ne5 27. Nxb6
f4 28. Nc4 f3 29. Rf1 f2+ 30. Kh1 Ng6 31. Rxf2 Qxf2 32. Qxg6+ Rg7 33. Qe8+ Qf8
34. Qxf8+ Kxf8 35. Nxd6 Rd7 36. Nc4 Rxd5 37. g4 Rd3 38. Ne5 Rxh3+ 39. Kg2 Rc3
40. Kf2 Ke7 41. Nc6+ Ke6 42. Na5 Kd5 43. g5 Rh3 44. g6 Rh6 45. Ke3 Rxg6 46. Kd3
Rg3+ 47. Kc2 Rh3 48. Nc4 Kd4 49. Nd6 Rh2+ 50. Kb1 Kc3 51. Ne4+ Kb4 52. Kc1 Re2
0-1

[Event "13. Open Club Ajedrez Villaverde"]
[Site "Madrid ESP"]
[Date "2010.07.02"]
[Round "5.8"]
[White "Caballero Gallego, Luis"]
[Black "Vazquez Gonzalez, Jesus"]
[Result "0-1"]
[WhiteElo "1933"]
[BlackElo "2089"]
[PlyCount "62"]
[EventDate "2010.06.28"]
[EventType "swiss"]
[EventRounds "9"]
[EventCountry "ESP"]
[Source "lmi"]
[SourceDate "2010.06.28"]

1. e4 g6 2. d4 Bg7 3. c4 c5 4. Be3 Qb6 5. Nc3 cxd4 6. Nd5 Qc6 7. Bxd4 e5 8. Be3
Nf6 9. Bd3 d6 10. c5 Kf8 11. cxd6 Nxd5 12. Rc1 Nxe3 13. Rxc6 Nxg2+ 14. Kf1 Ne3+
15. fxe3 Nxc6 16. Bb5 Bd7 17. Nf3 Bf6 18. Qd5 Rd8 19. Bxc6 Bxc6 20. Qc5 Bxe4
21. d7+ Kg7 22. Ke2 Bxf3+ 23. Kxf3 Rxd7 24. Qxa7 e4+ 25. Kxe4 Re8+ 26. Kf3 Rd3
27. Ke2 Bd4 28. Qxb7 Rexe3+ 29. Kf1 Rd1+ 30. Kg2 Rd2+ 31. Kf1 Rf2+ 0-1

[Event "13. Open Club Ajedrez Villaverde"]
[Site "Madrid ESP"]
[Date "2010.07.02"]
[Round "5.9"]
[White "Penaranda Grilo, Juan Carlos"]
[Black "Iagar, Razvan-Gabriel"]
[Result "0-1"]
[WhiteElo "1921"]
[BlackElo "2078"]
[PlyCount "58"]
[EventDate "2010.06.28"]
[EventType "swiss"]
[EventRounds "9"]
[EventCountry "ESP"]
[Source "lmi"]
[SourceDate "2010.06.28"]

1. Nf3 f5 2. c4 Nf6 3. Nc3 d6 4. d4 g6 5. g3 Bg7 6. Bg2 O-O 7. O-O Qe8 8. Re1
Qf7 9. b3 Ne4 10. Qd3 Nc6 11. a3 e5 12. Nxe4 fxe4 13. Qxe4 Nxd4 14. Ra2 Nxb3
15. Be3 h6 16. Qc2 Na5 17. Nh4 Nxc4 18. Qxg6 Nxe3 19. Qxf7+ Rxf7 20. fxe3 c6
21. Rf1 d5 22. Rxf7 Kxf7 23. Nf3 Be6 24. Rc2 Ke7 25. Nd2 Rc8 26. Nb3 b6 27. Rc3
Kd6 28. Nc1 c5 29. Nd3 e4 0-1

[Event "13. Open Club Ajedrez Villaverde"]
[Site "Madrid ESP"]
[Date "2010.07.02"]
[Round "5.10"]
[White "Martinez Peiro, Gabriel"]
[Black "Martin-Consuegra Barrilero, Francisco Javier"]
[Result "1/2-1/2"]
[WhiteElo "2058"]
[BlackElo "1918"]
[PlyCount "48"]
[EventDate "2010.06.28"]
[EventType "swiss"]
[EventRounds "9"]
[EventCountry "ESP"]
[Source "lmi"]
[SourceDate "2010.06.28"]

1. d4 d6 2. Nf3 Nf6 3. c4 Nbd7 4. Nc3 c6 5. Bf4 Nh5 6. Be3 g6 7. g3 Bg7 8. Bg2
O-O 9. O-O e5 10. Qb3 Qe7 11. Qa3 Re8 12. c5 d5 13. b4 exd4 14. Bxd4 f5 15. e3
Nhf6 16. Qb3 Ne4 17. Rac1 Kh8 18. Rfd1 Ng5 19. Nxg5 Qxg5 20. f4 Qd8 21. b5 Bxd4
22. exd4 Nf6 23. bxc6 bxc6 24. Qa4 Bd7 1/2-1/2

[Event "13. Open Club Ajedrez Villaverde"]
[Site "Madrid ESP"]
[Date "2010.07.02"]
[Round "5.11"]
[White "Arjona Martinez, Santiago"]
[Black "Alonso Sanchez, Victor M"]
[Result "1-0"]
[WhiteElo "2022"]
[BlackElo "1943"]
[PlyCount "81"]
[EventDate "2010.06.28"]
[EventType "swiss"]
[EventRounds "9"]
[EventCountry "ESP"]
[Source "lmi"]
[SourceDate "2010.06.28"]

1. Nf3 c5 2. g3 g6 3. Bg2 Bg7 4. O-O Nc6 5. c4 d6 6. Nc3 e6 7. e3 Nge7 8. d4
O-O 9. d5 exd5 10. cxd5 Ne5 11. Nxe5 Bxe5 12. f4 Bg7 13. g4 f5 14. g5 Rb8 15.
a4 a6 16. a5 b5 17. axb6 Qxb6 18. Na4 Qb3 19. Qxb3 Rxb3 20. Nxc5 Rb5 21. Ne6
Bxe6 22. dxe6 a5 23. Rd1 d5 24. Bf1 Rc5 25. Bd2 Bxb2 26. Rxa5 Rc6 27. Rb1 Rb8
28. Rb5 Rxb5 29. Bxb5 Rc2 30. Bb4 Kf8 31. Ba4 Rc1+ 32. Rxc1 Bxc1 33. Bc5 Bd2
34. Kf2 Ba5 35. h4 Bd8 36. Ke2 Kg7 37. Kd3 Nc8 38. Bd7 Ne7 39. Kd4 h6 40. Be8
hxg5 41. hxg5 1-0

[Event "13. Open Club Ajedrez Villaverde"]
[Site "Madrid ESP"]
[Date "2010.07.02"]
[Round "5.12"]
[White "Lozano Sanchez, Jose Antonio"]
[Black "Argente Rodriguez, Juan Jose"]
[Result "0-1"]
[WhiteElo "1917"]
[BlackElo "2128"]
[PlyCount "76"]
[EventDate "2010.06.28"]
[EventType "swiss"]
[EventRounds "9"]
[EventCountry "ESP"]
[Source "lmi"]
[SourceDate "2010.06.28"]

1. e4 e5 2. Nf3 Nc6 3. Bc4 Nf6 4. d3 Be7 5. Nc3 O-O 6. a3 d6 7. h3 Be6 8. Nd5
Nb8 9. O-O Nbd7 10. Nxe7+ Qxe7 11. Ba2 Bxa2 12. Rxa2 d5 13. exd5 Nxd5 14. Re1
Qd6 15. c4 Ne7 16. b4 Ng6 17. Rae2 Rad8 18. Qb3 c5 19. Be3 b6 20. b5 Kh8 21.
Bc1 Rfe8 22. Ng5 Re7 23. Ne4 Qb8 24. Qc3 f6 25. Ng3 Ndf8 26. Nf5 Red7 27. Rd1
Ne6 28. g3 Qb7 29. f4 Qf3 30. Qe1 Rxd3 31. Red2 Kg8 32. a4 Kf7 33. Kh2 exf4 34.
Rxd3 Rxd3 35. Rxd3 Qxd3 36. g4 Ne5 37. Qh4 Qe2+ 38. Kh1 Qf1+ 0-1

[Event "13. Open Club Ajedrez Villaverde"]
[Site "Madrid ESP"]
[Date "2010.07.02"]
[Round "5.13"]
[White "Garcia Diaz, Victor Manuel"]
[Black "Martin Espeja, Jorge J"]
[Result "0-1"]
[WhiteElo "2113"]
[BlackElo "1881"]
[PlyCount "102"]
[EventDate "2010.06.28"]
[EventType "swiss"]
[EventRounds "9"]
[EventCountry "ESP"]
[Source "lmi"]
[SourceDate "2010.06.28"]

1. e4 e5 2. d4 exd4 3. Bc4 Nc6 4. Nf3 Be7 5. O-O d6 6. Nxd4 Ne5 7. Be2 c5 8.
Nb5 Nf6 9. f4 Nc6 10. e5 dxe5 11. fxe5 Nxe5 12. Bf4 Nfd7 13. Qd5 f6 14. Nd2 a6
15. Nc3 Nb6 16. Qxd8+ Bxd8 17. Bxe5 fxe5 18. Nde4 Be7 19. a4 Be6 20. a5 Nd7 21.
Rad1 O-O-O 22. Na4 Kc7 23. Rd2 c4 24. c3 Rhf8 25. Rfd1 h6 26. Nd6 Bg5 27. Rc2
Be3+ 28. Kh1 Nb8 29. Bf3 Rxd6 30. Re1 Rfd8 31. Rce2 Bd2 32. Rf1 Bf4 33. Nc5 Bd5
34. Bxd5 Rxd5 35. Ne6+ Kc6 36. Nxd8+ Rxd8 37. g3 Bg5 38. Rxe5 Rd2 39. Rb1 Nd7
40. Re4 Kc5 41. b3 cxb3 42. Rxb3 Bf6 43. Rxb7 Ne5 44. Rf4 h5 45. h3 Nd3 46. Rf1
Nf2+ 47. Kg2 Ng4+ 48. Kh1 Ne3 49. Re1 Nf5 50. Rg1 Be5 51. g4 Rh2# 0-1

[Event "13. Open Club Ajedrez Villaverde"]
[Site "Madrid ESP"]
[Date "2010.07.02"]
[Round "5.14"]
[White "Lopez de Turiso Sanchez, Jose Angel"]
[Black "De La Orden Alcocer, Alejandro"]
[Result "1-0"]
[WhiteElo "2110"]
[BlackElo "1795"]
[PlyCount "53"]
[EventDate "2010.06.28"]
[EventType "swiss"]
[EventRounds "9"]
[EventCountry "ESP"]
[Source "lmi"]
[SourceDate "2010.06.28"]

1. e4 Nf6 2. Nc3 e5 3. f4 d5 4. fxe5 Nxe4 5. d3 Qh4+ 6. g3 Nxc3 7. bxc3 Qa4 8.
d4 Be7 9. Bd3 Nc6 10. Ne2 Na5 11. Nf4 c6 12. Qe2 g5 13. Nxd5 Bg4 14. Qf1 Bf3
15. Nf6+ Kd8 16. Qxf3 Bxf6 17. exf6 Re8+ 18. Kf2 c5 19. Bxg5 Nc6 20. Qf5 b6 21.
Qd5+ Kc8 22. Qxf7 Nxd4 23. cxd4 Qxd4+ 24. Kg2 Re2+ 25. Bxe2 Qe4+ 26. Bf3 Qxc2+
27. Kh3 1-0

[Event "13. Open Club Ajedrez Villaverde"]
[Site "Madrid ESP"]
[Date "2010.07.02"]
[Round "5.15"]
[White "Tevar Sanz, Gonzalo"]
[Black "Aziz Ortego, Omar Luis"]
[Result "0-1"]
[WhiteElo "1887"]
[BlackElo "2091"]
[PlyCount "36"]
[EventDate "2010.06.28"]
[EventType "swiss"]
[EventRounds "9"]
[EventCountry "ESP"]
[Source "lmi"]
[SourceDate "2010.06.28"]

1. d4 Nf6 2. Nf3 g6 3. Bf4 Bg7 4. e3 O-O 5. Nbd2 d6 6. Bd3 Nbd7 7. h4 c5 8. c3
Nd5 9. h5 cxd4 10. hxg6 hxg6 11. Bh6 dxe3 12. Ne4 exf2+ 13. Nxf2 Ne5 14. Bxg7
Kxg7 15. Bxg6 Nf4 16. Nxe5 fxg6 17. Nf3 Nxg2+ 18. Kf1 Ne3+ 0-1

[Event "13. Open Club Ajedrez Villaverde"]
[Site "Madrid ESP"]
[Date "2010.07.02"]
[Round "5.16"]
[White "Merino Araguas, Jose Javier"]
[Black "Cano Cabanillas, Javier"]
[Result "0-1"]
[WhiteElo "1849"]
[BlackElo "1960"]
[PlyCount "72"]
[EventDate "2010.06.28"]
[EventType "swiss"]
[EventRounds "9"]
[EventCountry "ESP"]
[Source "lmi"]
[SourceDate "2010.06.28"]

1. d4 Nf6 2. c4 e5 3. dxe5 Ng4 4. Bf4 Nc6 5. Nf3 Bb4+ 6. Nbd2 Qe7 7. e3 Ngxe5
8. Nxe5 Nxe5 9. Be2 d6 10. O-O Bxd2 11. Qxd2 O-O 12. b4 Be6 13. c5 Rad8 14.
cxd6 Rxd6 15. Qc3 f6 16. Bxe5 fxe5 17. Qxe5 Rf5 18. Qe4 c6 19. Bc4 Qf6 20.
Bxe6+ Rxe6 21. Qc4 Rxf2 22. Rfd1 b5 23. Qd3 Qb2 24. Qd8+ Rf8 25. Qd4 Qf2+ 26.
Kh1 Rxe3 27. Qd7 Rc3 28. Qe6+ Kh8 29. h3 Rc2 30. Qe4 Rc4 31. Qe7 Rcf4 32. Rd7
R4f7 33. Qe6 Rxd7 34. Qxd7 Qb6 35. Rc1 h6 36. Rxc6 Rf1+ 0-1

[Event "13. Open Club Ajedrez Villaverde"]
[Site "Madrid ESP"]
[Date "2010.07.02"]
[Round "5.17"]
[White "Tevar Becerra, Alvaro"]
[Black "Tirado Parra, Alberto"]
[Result "0-1"]
[WhiteElo "1419"]
[BlackElo "1936"]
[PlyCount "56"]
[EventDate "2010.06.28"]
[EventType "swiss"]
[EventRounds "9"]
[EventCountry "ESP"]
[Source "lmi"]
[SourceDate "2010.06.28"]

1. e4 d5 2. exd5 Qxd5 3. Nc3 Qd8 4. d4 Nf6 5. Nf3 Bg4 6. Be2 e6 7. O-O Nbd7 8.
h3 Bh5 9. Re1 Be7 10. b3 O-O 11. Bb2 c6 12. a4 Bb4 13. Ne5 Bxe2 14. Rxe2 Qe7
15. Nxd7 Qxd7 16. Ne4 Nxe4 17. Rxe4 Be7 18. Rg4 Bf6 19. Qf3 Kh8 20. Bc3 Qd5 21.
Qxd5 exd5 22. Bd2 h5 23. Rf4 Bg5 24. c4 Rae8 25. Kf1 Bxf4 26. Bxf4 Re4 27. Be3
f5 28. cxd5 f4 0-1

[Event "13. Open Club Ajedrez Villaverde"]
[Site "Madrid ESP"]
[Date "2010.07.02"]
[Round "5.18"]
[White "Camarero Izquierdo, Juan Carlos"]
[Black "Martinez Miura, Enrique"]
[Result "1-0"]
[WhiteElo "1935"]
[BlackElo "1727"]
[PlyCount "97"]
[EventDate "2010.06.28"]
[EventType "swiss"]
[EventRounds "9"]
[EventCountry "ESP"]
[Source "lmi"]
[SourceDate "2010.06.28"]

1. e4 e6 2. d4 d5 3. e5 c5 4. c3 cxd4 5. cxd4 Bb4+ 6. Nc3 Ne7 7. Bd3 Nbc6 8. a3
Bxc3+ 9. bxc3 Bd7 10. Nf3 h6 11. O-O Rc8 12. Nh4 Nf5 13. Nxf5 exf5 14. a4 O-O
15. Qf3 Na5 16. Ba3 Re8 17. Bb4 Nc4 18. Qxd5 Be6 19. Qxd8 Rexd8 20. Bxc4 Rxc4
21. a5 a6 22. Rfc1 Rc6 23. Bc5 f4 24. Rab1 Rd7 25. Rb2 Bf5 26. h3 g5 27. c4 Bd3
28. Rc3 Be4 29. f3 Bf5 30. Rcb3 Rcc7 31. Rb4 Bd3 32. R2b3 Bc2 33. Rc3 Bf5 34.
Bd6 Rc8 35. Rcb3 Kg7 36. c5 Be6 37. Rxb7 Bxb3 38. Rxd7 Be6 39. Rb7 Rc6 40. Bc7
Bd5 41. Ra7 Bc4 42. Bb6 h5 43. Rd7 Be6 44. Rd8 Rc8 45. Rxc8 Bxc8 46. d5 Kf8 47.
c6 Ke7 48. d6+ Ke6 49. Bd4 1-0

[Event "13. Open Club Ajedrez Villaverde"]
[Site "Madrid ESP"]
[Date "2010.07.02"]
[Round "5.20"]
[White "Rodriguez Diaz, Alberto Jose"]
[Black "Gutierrez Garcia, Alberto"]
[Result "1-0"]
[WhiteElo "1955"]
[BlackElo "1688"]
[PlyCount "61"]
[EventDate "2010.06.28"]
[EventType "swiss"]
[EventRounds "9"]
[EventCountry "ESP"]
[Source "lmi"]
[SourceDate "2010.06.28"]

1. e4 d5 2. exd5 Qxd5 3. Nc3 Qa5 4. Bc4 Nf6 5. d4 c6 6. Nge2 Bf5 7. O-O e6 8.
Ng3 Bg6 9. Qe2 Be7 10. Nce4 Nxe4 11. Nxe4 O-O 12. Ng3 Qd8 13. c3 Nd7 14. f4 Nb6
15. Bb3 Qd7 16. f5 exf5 17. Bc2 f4 18. Bxf4 Bxc2 19. Qxc2 Nd5 20. Bd2 Bd6 21.
Nf5 Bc7 22. Qe4 Nf6 23. Qh4 Ne8 24. Qg4 Kh8 25. Qf3 Nd6 26. Nxg7 Kxg7 27. Bh6+
Kxh6 28. Qf6+ Kh5 29. Rf4 Qg4 30. Rxg4 Kxg4 31. h3+ 1-0

[Event "13. Open Club Ajedrez Villaverde"]
[Site "Madrid ESP"]
[Date "2010.07.02"]
[Round "5.21"]
[White "Ibanez Moreno, Sergio"]
[Black "Takvor Mena, Samuel"]
[Result "1-0"]
[WhiteElo "1825"]
[BlackElo "1647"]
[PlyCount "49"]
[EventDate "2010.06.28"]
[EventType "swiss"]
[EventRounds "9"]
[EventCountry "ESP"]
[Source "lmi"]
[SourceDate "2010.06.28"]

1. e4 e5 2. Nf3 Nc6 3. Bb5 d6 4. O-O Nf6 5. d4 a6 6. Bxc6+ bxc6 7. dxe5 Nxe4 8.
Re1 d5 9. Nbd2 Bf5 10. Nd4 Qd7 11. Nxf5 Qxf5 12. Nxe4 dxe4 13. Qd4 Rd8 14. Qc4
Qxe5 15. Qxc6+ Ke7 16. Bg5+ f6 17. Rxe4 Qxe4 18. Qxe4+ Kf7 19. Re1 Bd6 20. Qc4+
Kg6 21. Bf4 h6 22. Bxd6 cxd6 23. Re7 d5 24. Qg4+ Kh7 25. Rxg7# 1-0